Antología de sintaxis generativa /

Kaydedildi:
Detaylı Bibliyografya
Yazar: Munguía Zataraín, Irma (autor)
Materyal Türü: Kitap
Dil:İspanyolca
Baskı/Yayın Bilgisi: México : Universidad Autónoma Metropolitana Iztapalapa, 1995, c1995
Konular:
Etiketler: Etiketle
Etiket eklenmemiş, İlk siz ekleyin!

MARC

LEADER 00000nam^a2200000^a^4500
001 000053931
005 20250521000000.0
009 20260310090451.687
020 |a 970-620-605-1 
037 |a Acervo ITESO - Biblioteca 
041 |a ESP 
082 |a 415.  |b MUN V. 2 
100 |a Munguía Zataraín, Irma  |e (autor) 
245 1 0 |a Antología de sintaxis generativa /  |c I. Munguía Zataraín. 
264 4 |a México :  |b Universidad Autónoma Metropolitana Iztapalapa,  |c 1995, c1995 
300 |a 221 p. 
336 |a texto  |b txt  |2 rdacontenido 
337 |a sin mediación  |b n  |2 rdamedio 
338 |a volumen  |b nc  |2 rdasoporte 
649 |a XX 
650 |a Gramática Generativa y Transformativa 
650 |a Gramática 
650 |a Sintaxis 
650 |a Lenguaje y Lenguas 
650 |a Lingüística 
910 |a Fondo General 
920 |a Impresos - Libros 
930 |a Colección General 
905 |a 101 
901 |a 0500012639  |b IT1  |c ACC  |u 20250521 
902 |a https://opac.biblio.iteso.mx/vufind/Record/000053931